Normal view
MARC view
- Wei, C. Y
Entry Personal Name
001 - CONTROL NUMBER
- control field: 81403
003 - CONTROL NUMBER IDENTIFIER
- control field: NUST
005 - DATE AND TIME OF LATEST TRANSACTION
- control field: 20210811112654.0
008 - FIXED-LENGTH DATA ELEMENTS
- fixed length control field: 210811|| aca||aabn | a|a d
040 ## - CATALOGING SOURCE
- Original cataloging agency: NUST
- Transcribing agency: NUST
100 ## - HEADING--PERSONAL NAME
- Personal name: Wei, C. Y
670 ## - SOURCE DATA FOUND
- Source citation: Work cat.: (NUST)32138: Brater, Ernest F. (Ernest Frederick), 1912-2003. 81399, Handbook of Hydraulics for the Solution of Hydraulic Engineering Problems /, c1996.
